01412nam a2200277 a 450000100100000000500170001000800410002702000180006804000250008608200170011110000370012824502230016526000350038830000220042350400280044554600360047359000260050965000590053565000540059465000700064891000380071895201290075695201140088595201200099999900150111900000585820200929151820.0090824s2009 dr 001 0 spa d a9789945408256 aDO-SdBNPbspacBNPHU a248.4bM998s1 aMyrthil Mompremier, Jimmy91651810aSuggestions a l´humanite = Suggestions to humanity = Propuesta a la humanidad :bles grands défits de l'homme face à la societé = the great challenges of man = los grandes desafíos /cJimmy Myrthil Mompremier. aSanto Domingo :aArgos,c2009. a85 p. ; :b22 cm. aBibliografía : p. 83. aFrancés, Inglés, Español. aInventariado, 2018/BT 4aProblemas socialesxEnsayos, conferencias, etc.916519 4aCambio socialxEnsayos, conferencias, etc.916520 4aTecnología y civilizaciónxEnsayos, conferencias, etc.916521 aValidado. Control de calidad. EMS 001054708DSaGRbGRcHDd2009-08-24iLF1l0o248.4 M998sp5858-30r2020-06-25te. 3w2020-06-25yLFDSZPréstamo en sala 0010718PDaPDbPDcHDd2009-08-24iLF1l0o248.4 M998sp5858-10r2020-06-25w2020-06-25yLFPDZNo se presta 0010718PDaPDbPDcHDd2009-08-24iLF1l0o248.4 M998sp5858-20r2020-06-25te. 2w2020-06-25yLFPDZNo se presta c5654d5654